书目信息 |
| 题名: |
香茹栽培技术与经营
|
|
| 作者: | 细野骏造 著 ;于淑华 , 单耀忠 译 | |
| 分册: | ||
| 出版信息: | 北京 中国财政经济出版社 1981.11 |
|
| 页数: | 158页 | |
| 开本: | 19cm | |
| 丛书名: | ||
| 单 册: | ||
| 中图分类: | S646.1 | |
| 科图分类: | ||
| 主题词: | ||
| 电子资源: | ||
| ISBN: | ||
| 000 | 00587nam0 2200205 45 | |
| 001 | 0181011862 | |
| 005 | 20061123163714.85 | |
| 010 | @dCNY0.50 | |
| 100 | @a20810111d km y0chiy0120 ea | |
| 101 | 0 | @achi |
| 105 | @a z 000yy | |
| 200 | 1 | @Axiang gu zai pei ji shu yu jing ying@Fxi ye jun zao@a香茹栽培技术与经营@f(日)细野骏造著@g单耀忠,于淑华译 |
| 210 | @a北京@c中国财政经济出版社@d1981.11 | |
| 215 | @a158页@d19cm | |
| 690 | @aS646.1 | |
| 701 | 0 | @a细野骏造@4著 |
| 702 | 0 | @a于淑华@4译 |
| 702 | 0 | @a单耀忠@4译 |
| 801 | @aCN@bTSTC@c20061123 | |
| 905 | @dS646.1@e33@f2@b148573-74 | |
| 香茹栽培技术与经营/(日)细野骏造著/单耀忠,于淑华译.-北京:中国财政经济出版社,1981.11 |
| 158页;19cm |
| ISBN :CNY0.50 |
| ● |
| 相关链接 |
|
|
|
|
正题名:香茹栽培技术与经营
索取号:S646.1/33
 
预约/预借
| 序号 | 登录号 | 条形码 | 馆藏地/架位号 | 状态 | 备注 |
| 1 | 0148574 | 202446558 | 第二样本阅览室/ [索取号:S646.1/33] | 在馆 |